| 000 | 01602nam a22002657a 4500 | ||
|---|---|---|---|
| 005 | 20260529125150.0 | ||
| 008 | 260529t2026 |||||||| |||| 00| 0 spa d | ||
| 020 | _a9789585007024 | ||
| 040 |
_aCO-BoUCM _bspa _cStefania Borbon _dStefania Borbon |
||
| 041 | _aspa | ||
| 100 |
_aStern W., Claudia _9186474 |
||
| 245 |
_aCondoriencontros : _bemociones, trauma y memoria (Chile, pasado y presente) / _cClaudia Stern W, prólogo, Juan Alberto Conde ; epílogo, Jorge Catalá |
||
| 260 |
_aBogotá D. C. : _bEditorial Universidad del Rosario : _cEditorial Universidad de Guadalajara, _c2026 |
||
| 300 | _a487 páginas | ||
| 504 | _aIncluye referencias bibliográficas | ||
| 520 | 3 | _aAnálisis crítico e interdisciplinar sobre la célebre tira cómica chilena "Condorito" y su impacto sociocultural entre los años 1955 y 1995. La autora indaga en los contrastes de la sociedad chilena a partir de tres ejes fundamentales: el hambre, el miedo y la risa, analizando cómo la historieta sirvió como válvula de escape, reflejo y memoria histórica ante periodos de represión política, dictadura militar y transformaciones sociales en el cono sur. | |
| 650 | 4 |
_aCondorito (Caricatura) _xCrítica e interpretación _9189530 |
|
| 650 | 4 |
_aTiras cómicas _xAspectos sociales _zChile _9189531 |
|
| 650 | 4 |
_aCómics y caricaturas _xHistoria y crítica _zChile _9189532 |
|
| 650 | 4 |
_aMemoria colectiva _zChile _9189533 |
|
| 700 | 1 |
_aConde, Juan Alberto _eprólogo _9135643 |
|
| 700 | 1 |
_aCatalá, Jorge _eprólogo _9189534 |
|
| 942 |
_2DEWEY _a17 _cLIBROUR _e1 _h741.5 _mS839c |
||
| 999 |
_c326462 _d326462 |
||